Mouvement artistique et auto-portraits - Statistiques

Statistiques générales
  • Ce quiz a été pris 120 fois
  • Le résultat moyen est 7 sur 13
Statistiques - réponses
Par images Réponse % Correct
Réalisme
83%
Réalisme
83%
Cubisme
82%
Impressionnisme
76%
Pop Art
66%
Surréalisme
57%
Renaissance
53%
Baroque
50%
Baroque
50%
Post-impressionnisme
35%
Art naïf
14%
Caravagisme
10%
Ukiyo-e
1%
Aucun quiz correspondant
Distribution des résultats
% des personnes avec chaque résultat
Percentile par nombre de réponses
Votre historique - résultats
Vous n’avez pas pris ce quiz